000 00181 a2200085 4500
020 _a0241106214
082 _bEJF DEN
100 _aRichard dennant
_9180267
245 _aThe Video affair
999 _c755000
_d754999
942 _w395
_xKholofelo Moabelo
_y395
_zKholofelo Moabelo